000 00606nam a2200193Ia 4500
005 20260601193236.0
008 260601s9999||||xx |||||||||||||| ||und||
020 _a978-3-031-58553-1
_qebk
100 _aIoanna Miliou
245 0 _aAdvances in Intelligent Data Analysis XXII
250 _a2024
260 _aHeidelberg, Germany
_bSpringer Nature
_c2024
440 _aLecture Notes in Computer Science
650 _aComputer Science
700 _aNico Piatkowski
700 _aPanagiotis Papapetrou
856 _uhttps://link.springer.com/openurl?genre=book&isbn=978-3-031-58553-1
942 _cEB
_2ddc
999 _c56256
_d56256